Cursillo de mitología Argos / (Registro nro. 3332)

Detalles MARC
000 -LEADER
fixed length control field 00993nam a2200241Ia 4500
003 - CONTROL NUMBER IDENTIFIER
control field OSt
005 - DATE AND TIME OF LATEST TRANSACTION
control field 20200407170646.0
008 - FIXED-LENGTH DATA ELEMENTS--GENERAL INFORMATION
fixed length control field 191128s9999 xx 000 0 und d
040 ## - CATALOGING SOURCE
Original cataloging agency CO-JMCR
Transcribing agency CO-JMCR
041 0# - LANGUAGE CODE
Language code of text/sound track or separate title spa
082 04 - DEWEY DECIMAL CLASSIFICATION NUMBER
Classification number 291.1 /
Item number A693
100 1# - MAIN ENTRY--PERSONAL NAME
Personal name Roberto Cadavid Misas
Relator term autor
9 (RLIN) 2713
245 10 - TITLE STATEMENT
Title Cursillo de mitología Argos /
Statement of responsibility, etc. Roberto Cadavid Misas
260 ## - PUBLICATION, DISTRIBUTION, ETC.
Place of publication, distribution, etc. Bogotá :
Name of publisher, distributor, etc. Carrera 7a.,
Date of publication, distribution, etc. 2000
300 ## - PHYSICAL DESCRIPTION
Extent 262 páginas
300 ## - PHYSICAL DESCRIPTION
Other physical details Ilustraciones en balco y negro
Dimensions 21 cm.
500 ## - GENERAL NOTE
General note Incluye tabla de contenido.
505 ## - FORMATTED CONTENTS NOTE
Formatted contents note Júpiter -- minerva -- lo, argós -- europa -- leda -- dánae perseo -- perseo -- teseo -- dédalo -- hipólito -- icaro-- faetón -- hércules -- psique y cupido -- jacinto, cipariso, ganimedes, narciso -- edipo -- prometeo -- pandora -- los argonautas --
650 14 - SUBJECT ADDED ENTRY--TOPICAL TERM
Topical term or geographic name entry element Mitología clásica
General subdivision Anécdotas
9 (RLIN) 2714
650 24 - SUBJECT ADDED ENTRY--TOPICAL TERM
Topical term or geographic name entry element Mitología clásica
General subdivision chistes
9 (RLIN) 2715
650 24 - SUBJECT ADDED ENTRY--TOPICAL TERM
Topical term or geographic name entry element Mitología clásica
General subdivision sátiras
9 (RLIN) 2716
942 ## - ADDED ENTRY ELEMENTS (KOHA)
Source of classification or shelving scheme Dewey Decimal Classification
Koha item type Books
Existencias
Withdrawn status Lost status Source of classification or shelving scheme Materials specified (bound volume or other part) Damaged status Not for loan Home library Current library Shelving location Date acquired Source of acquisition Cost, normal purchase price Total Checkouts Full call number Barcode Date last seen Date last checked out Copy number Price effective from Koha item type
    Dewey Decimal Classification Donación--17/07/2018--     Biblioteca Pública José María del Castillo y Rada Biblioteca Pública José María del Castillo y Rada General Stacks 11/28/2019 Donación 0.00 1 291.13 / A693 201807250 11/10/2025 11/10/2025 Ej.1 11/28/2019 Books